000 00563nam a2200181Ia 4500
001 9326
005 20260306161710.0
008 260306t2011||||xx |||||||||||||| ||spa||
041 _aESP
082 _a378.1
_bV46 2011
100 _aUniversidad Inca Garcilaso de la Vega
_eAUT
245 0 _aManual de buenas prácticas para la transformación de los graduandos en potencial humano de excelencia a través de las competencias transversales
260 _c2011
300 _a63 páginas :
_c30 cm.
650 _aGEN
654 _aCED
942 _cLIB
_dJUS
_fJUS
_2ddc
_n
999 _c9326
_d9326